000 00823nam a2200241Ia 4500
003 OSt
005 20220923225422.0
006 a|||||r|||| 00| 0
007 ta
008 220922b |||||||| |||| 00| 0 hin d
024 _a267,334
037 _cTextual
040 _aARTS
_cARTS
_bhin
041 _2hin
_ahin
082 _aR6947x4,1:g, 152P0
100 _aमोर, लक्ष्मी
245 0 _aबौद्ध न्याय
_b न्याय प्रवेश सूत्रम्
246 _aBauddha nyāya: nyāya pravesh sūtram: ek vivechana
260 _aदिल्ली
_b परिमल पब्लिकेशन्स
_c2000
300 _a193पृ.
_ccm.
942 _hR6947x4,1:g, 152P0
_cTEXL
_2CC
999 _c378159
_d378159